000 00307nam a22001337a 4500
008 170914b xxu||||| |||| 00| 0 eng d
020 _a9780151014941
041 _aeng
080 _a77
100 _a44
101 _aart
245 _aQUINCY THE HOGGY PHOTOGRA[HER
_cSEIBOLD.H.O
942 _2udc
_cBK
999 _c27646
_d27646